| 000 | 01515cam a2200277 4500 | ||
|---|---|---|---|
| 001 | ##L133914 | ||
| 008 | 060619n2006 000 0 eng u | ||
| 020 | _a1842192981 | ||
| 035 | _a(Sirsi) u133914 | ||
| 041 | 0 | _aeng | |
| 050 | 0 | 4 | _a363.348 $2 21 |
| 100 | 1 | _aLloyd-Jones, Tony | |
| 245 | 0 | 0 |
_aMind the gap _bpost-disaster reconstruction and the transition from humanitarian relief |
| 260 |
_aLondon _bRICS _c2006 |
||
| 505 | 2 | _aMain findings -- Summary -- Introduction: report aims and methodology -- Background, definitions and conceptual framework -- Reconstruction and the transition from humanitarian relief in recent disasters -- Conclusions and implications for the built environment professions | |
| 520 | _aInvestigates why reconstruction after major disasters takes so long and how this causes development opportunities to be lost. Provides evidence of the existence of a gap - in funding, management and delivery - between short-term, effective humanitarian relief, and long-term reconstruction. Finds that chartered surveyors have key roles to play during all disaster phases. | ||
| 590 | _aIKA040706, KA | ||
| 650 |
_aAffordable housing _96215 |
||
| 690 | _aBUILT ENVIRONMENT-CONSTRUCTION MANAGEMENT | ||
| 700 | 1 | _aTheis, Mike | |
| 700 | 1 | _aKalra, Ripin | |
| 700 | 1 | _aMulyawan, Budhi | |
| 710 | 2 |
_aUniversity of Westminster _bMax Lock Centre _94962 |
|
| 856 | 4 | 0 |
_uhttps://www.rics.org/site/download_feed.aspx?fileID=2263 _zView the item free of charge at www.rics.org... |
| 942 | _n0 | ||
| 999 |
_c105509 _d105509 |
||